000 00773nam a2200253Ia 4500
003 GCL
008 140319s9999 xx 000 0 ara d
040 _aGCL /
_cGCL
082 0 4 _a811.9
_bص ا
100 1 _aصلاح عبدالصبور
245 1 0 _aالاعمال الكاملة لصلاح عبد الصبور /
_cصلاح عبدالصبور
260 _a[S.N] :
_bالهيئة المصرية العامة للكتاب ،
_c1992
300 _aمتعدد
490 _a
650 0 4 _aالشعر العربى
650 0 4 _aالادب العربى
650 0 4 _aالمسرحيات
650 0 4 _aدواوين وقصائد
650 0 4 _aالقصص
650 0 4 _aالترجمة
650 0 4 _aالسينما
650 0 4 _aالمجموعات
942 _2ddc
_cBK
999 _c27498
_d27498